Entry Personal Name
Number of records used in: 1
001 - CONTROL NUMBER
003 - CONTROL NUMBER IDENTIFIER
005 - DATE AND TIME OF LATEST TRANSACTION
- control field:
20200129121836.0
008 - FIXED-LENGTH DATA ELEMENTS
- fixed length control field:
800530n| azannaab |n aaa
010 ## - LIBRARY OF CONGRESS CONTROL NUMBER
- LC control number:
n 79115968
040 ## - CATALOGING SOURCE
- Original cataloging agency:
DLC
- Language of cataloging:
eng
- Description conventions:
rda
- Transcribing agency:
DLC
- Modifying agency:
DLC
100 1# - HEADING--PERSONAL NAME
- Personal name:
Watson, Hugh J.
670 ## - SOURCE DATA FOUND
- Source citation:
His An introduction to computers for management, 1973.
670 ## - SOURCE DATA FOUND
- Source citation:
His Computer simulation in business, c1980:
- Information found:
t.p. (Hugh J. Watson) CIP data sheet (b. 3/20/43)
670 ## - SOURCE DATA FOUND
- Source citation:
Information from 678 converted Dec. 8, 2014
- Information found:
(Coll. of Bus. Admin., Univ. of Ga.)